Una alternativa sportiva per una scelta omosessuale /
Guardat en:
| Autor principal: | |
|---|---|
| Altres autors: | |
| Format: | Llibre |
| Idioma: | italià |
| Publicat: |
A.a. 1986-1987
|
| Etiquetes: |
Sense etiquetes, Sigues el primer a etiquetar aquest registre!
|
MARC
| LEADER | 00000nam a22000007i 4500 | ||
|---|---|---|---|
| 001 | IT\ICCU\UBO\3658774 | ||
| 003 | ItRI | ||
| 005 | 20260124192843.0 | ||
| 008 | 090630q19861987it |||||| ||||| |||||c | ||
| 040 | |b ita |c importazione bologna sebina | ||
| 041 | 7 | |a ita |2 ISO-639-2 | |
| 100 | 1 | |a Giacobini, Antonella |0 IT\ICCU\UBOV\346162 |4 aut | |
| 245 | 1 | 4 | |a Una alternativa sportiva per una scelta omosessuale / |c tesi di diploma di: Antonella Giacobini ; relatore: M. Cristina Santandrea. |
| 260 | |c A.a. 1986-1987 | ||
| 300 | |a 61 p. : |b ill. ; |c 30 cm | ||
| 500 | |a In testa al front.: Istituto superiore pareggiato di educazione fisica, presso l'Università degli studi di Urbino. | ||
| 700 | 1 | |a Santandrea, Maria Cristina |0 IT\ICCU\CFIV\001963 | |
| 790 | 1 | |a Sant'Andrea, M. Cristina |3 IT\ICCU\CFIV\001964 |z Santandrea, Maria Cristina | |
| 942 | |2 ddc |c TS |n 0 | ||
| 952 | |0 0 |1 0 |4 0 |6 TESI_796_000000000000000_GIA |7 0 |9 22637 |a BO |b BO |d 2026-01-15 |i 1703 |l 0 |o TESI 796 GIA |p BO1703 |r 2026-01-15 23:22:34 |w 2026-01-15 |x [Sebina 7] [1 V.] |y TS |z 1 V. | ||
| 999 | |c 19334 |d 19334 | ||